San Antonio Spurs 2025-2026 Roster - Statistics

General Stats
  • This quiz has been taken 141 times
  • The average score is 12 of 18
Answer Stats
Jersey # Pos Answer % Correct
1 F-C Victor Wembanyama
98%
5 G Stephon Castle
96%
4 G De'Aaron Fox
93%
2 G Dylan Harper
90%
24 G-F Devin Vassell
84%
3 F-G Keldon Johnson
83%
7 C-F Luke Kornet
82%
30 F Julian Champagnie
79%
11 F Carter Bryant
78%
40 F Harrison Barnes
68%
8 F-C Kelly Olynyk
65%
18 C Bismack Biyombo
56%
0 G Jordan McLaughlin
56%
10 F Jeremy Sochan
50%
43 F Lindy Waters III
44%
25 F David Jones Garcia
38%
55 F Harrison Ingram
35%
17 G Stanley Umude
13%
No matching quizzes found
Score Distribution
Percent of People with Each Score
Percentile by Number Answered
Your Score History
You have not taken this quiz